[Event "Gibraltar Masters"]
[Site "Gibraltar"]
[Date "2007.02.01"]
[Round "9"]
[White "Ashby, Anthony"]
[Black "Mayers, Dan E"]
[Result "1-0"]
[WhiteElo "2226"]
[BlackElo "1965"]
[PlyCount "57"]
[EventDate "2007.01.23"]
[EventType "swiss"]
[EventRounds "9"]
[EventCountry "ENG"]
[SourceTitle "CBM 116 Extra"]
[Source "ChessBase"]
[SourceDate "2007.03.07"]
[SourceVersion "1"]
[SourceVersionDate "2007.03.07"]
[SourceQuality "1"]

1. d4 e6 2. c4 c5 3. d5 b5 4. e4 bxc4 5. Nc3 e5 6. Bxc4 d6 7. f4 Nd7 8. Nf3 Ngf6 9. 0-0 Be7 10. fxe5 Nxe5 11. Nxe5 dxe5 12. Bg5 Bg4 13. Qa4+ Bd7 14. Qc2 0-0 15. d6 Bxd6 16. Rad1 Bg4 17. Rd3 Rb8 18. Nd5 Bh5 19. Bxf6 Qc8 20. Bxe5 Bxe5 21. Ne7+ Kh8 22. Nxc8 Rxb2 23. Qa4 Be2 24. Nd6 Bd4+ 25. Rxd4 Bxf1 26. Rd1 Rb4 27. Nxf7+ Kg8 28. Rxf1 Rfb8 29. Qxa7 1-0

[Event "Gibraltar Masters"]
[Site "Gibraltar"]
[Date "2007.01.29"]
[Round "6"]
[White "Fellousi, Abdelaziz"]
[Black "Mayers, Dan E"]
[Result "1-0"]
[WhiteElo "2118"]
[BlackElo "1965"]
[PlyCount "75"]
[EventDate "2007.01.23"]
[EventType "swiss"]
[EventRounds "9"]
[EventCountry "ENG"]
[SourceTitle "CBM 116 Extra"]
[Source "ChessBase"]
[SourceDate "2007.03.07"]
[SourceVersion "1"]
[SourceVersionDate "2007.03.07"]
[SourceQuality "1"]

1. d4 e6 2. Nf3 Nf6 3. e3 b6 4. Bd3 Bb7 5. Nbd2 c5 6. 0-0 Nc6 7. c3 Rc8 8. Qe2 Be7 9. Ne1 e5 10. dxc5 bxc5 11. e4 d5 12. f4 0-0 13. Nc2 c4 14. Nxc4 dxc4 15. Bxc4 Nxe4 16. Bd3 Bc5+ 17. Be3 Qd5 18. c4 Qd6 19. Bxe4 Nd4 20. Bxd4 exd4 21. Bd3 Rfe8 22. Qd2 Rcd8 23. b4 Re3 24. bxc5 Qc6 25. Rf2 Rde8 26. Nxd4 Qxc5 27. Nb3 Qb6 28. c5 Qe6 29. Bf1 Qg6 30. Rd1 h6 31. Qd6 Qg4 32. Rc1 R8e6 33. Qb8+ Kh7 34. Qxb7 Rg6 35. f5 Rg5 36. Qxf7 Rh3 37. Bc4 Qf4 38. Rxf4 1-0

[Event "Gibraltar Masters"]
[Site "Gibraltar"]
[Date "2007.01.26"]
[Round "4"]
[White "Kuenitz, Klaus"]
[Black "Mayers, Dan E"]
[Result "0-1"]
[WhiteElo "1733"]
[BlackElo "1965"]
[PlyCount "56"]
[EventDate "2007.01.23"]
[EventType "swiss"]
[EventRounds "9"]
[EventCountry "ENG"]
[SourceTitle "CBM 116 Extra"]
[Source "ChessBase"]
[SourceDate "2007.03.07"]
[SourceVersion "1"]
[SourceVersionDate "2007.03.07"]
[SourceQuality "1"]

1. e4 e6 2. d4 d5 3. exd5 exd5 4. c4 Be6 5. cxd5 Bxd5 6. Nc3 Bb4 7. Bb5+ Nc6 8. Bxc6+ Bxc6 9. Nf3 Nf6 10. 0-0 0-0 11. Bg5 h6 12. Bxf6 Qxf6 13. d5 Rad8 14. Qd4 Bxc3 15. bxc3 Qxd4 16. Nxd4 Bxd5 17. Nb5 Bc4 18. Rfb1 c6 19. Nxa7 Ba6 20. Rb6 Rd6 21. c4 Ra8 22. Nb5 Bxb5 23. cxb5 Rxa2 24. Rb1 Rb2 25. Rc1 Rxb5 26. Rxb5 cxb5 27. Rb1 Kf8 28. Kf1 Rb6 0-1

[Event "Wch Seniors 16th"]
[Site "Arvier"]
[Date "2006.09.12"]
[Round "2"]
[White "Berni, Francesco"]
[Black "Mayers, Dan E"]
[Result "0-1"]
[WhiteElo "1679"]
[BlackElo "2001"]
[PlyCount "42"]
[EventDate "2006.09.11"]
[EventType "swiss"]
[EventRounds "11"]
[EventCountry "ITA"]
[SourceTitle "CBM 114 Extra"]
[Source "ChessBase"]
[SourceDate "2006.11.03"]
[SourceVersion "1"]
[SourceVersionDate "2006.11.03"]
[SourceQuality "1"]

1. e4 e6 2. d4 d5 3. e5 Ne7 4. Nf3 Nd7 5. Bd3 Nc6 6. c3 f6 7. exf6 Qxf6 8. Bg5 Qf7 9. Qe2 Bd6 10. 0-0 0-0 11. Re1 e5 12. dxe5 Ndxe5 13. Nxe5 Nxe5 14. Bc2 Bg4 15. Qf1 Nf3+ 16. gxf3 Bxh2+ 17. Kxh2 Qh5+ 18. Kg2 Bxf3+ 19. Kg3 Qxg5+ 20. Kh2 Qh4+ 21. Qh3 Qxf2+ 0-1

[Event "Wch Seniors 16th"]
[Site "Arvier"]
[Date "2006.09.11"]
[Round "1"]
[White "Mayers, Dan E"]
[Black "Piankov, Evgenij"]
[Result "0-1"]
[WhiteElo "2001"]
[BlackElo "2324"]
[PlyCount "88"]
[EventDate "2006.09.11"]
[EventType "swiss"]
[EventRounds "11"]
[EventCountry "ITA"]
[SourceTitle "CBM 114 Extra"]
[Source "ChessBase"]
[SourceDate "2006.11.03"]
[SourceVersion "1"]
[SourceVersionDate "2006.11.03"]
[SourceQuality "1"]

1. e4 c6 2. d4 d5 3. f3 g6 4. c3 Bg7 5. Bd3 Nh6 6. Bf4 f6 7. Ne2 e5 8. Be3 0-0 9. Nd2 dxe4 10. Nxe4 Nf5 11. Bf2 b6 12. Qb3+ Kh8 13. 0-0-0 Qe7 14. Kb1 Be6 15. Qc2 Nd7 16. h4 exd4 17. h5 g5 18. h6 Nxh6 19. Nxd4 Ne5 20. Rde1 Bg8 21. g4 c5 22. Nb5 Rad8 23. Bf1 Bf7 24. c4 Bg6 25. Nbc3 Nxf3 26. Re2 Nxg4 27. Ka1 Nxf2 28. Rxf2 Nd4 29. Qb1 f5 30. Ng3 Qe3 31. Rfh2 Qxg3 32. Bd3 Qxd3 33. Qxd3 Nb3+ 34. axb3 Rxd3 35. Nd5 Re8 36. Rg1 g4 37. Nf4 Rd6 38. Rgh1 Kg8 39. Nh5 Re3 40. Ka2 g3 41. Rh4 g2 42. Rg1 Bxh5 43. Rxh5 Re2 44. Rg5 Rg6 0-1

[Event "Wch Seniors 15th"]
[Site "Lignano Sabbiadoro"]
[Date "2005.10.03"]
[Round "6"]
[White "Mayers, Dan E"]
[Black "Serra Olives, Tomas"]
[Result "1/2-1/2"]
[WhiteElo "2011"]
[BlackElo "2128"]
[PlyCount "63"]
[EventDate "2005.09.28"]
[EventType "swiss"]
[EventRounds "11"]
[EventCountry "ITA"]
[SourceTitle "CBM 108 Extra"]
[Source "ChessBase"]
[SourceDate "2005.11.04"]
[SourceVersion "1"]
[SourceVersionDate "2005.11.04"]
[SourceQuality "1"]

1. e4 c5 2. d4 cxd4 3. c3 dxc3 4. Nxc3 Nc6 5. Bc4 e6 6. Nf3 a6 7. a4 Nge7 8. Bf4 Ng6 9. Bg3 Be7 10. Qe2 0-0 11. h4 d6 12. Rd1 Qc7 13. Ng5 Nge5 14. Ba2 Nb4 15. f4 Nxa2 16. fxe5 Qa5 17. exd6 Bxg5 18. hxg5 Nxc3 19. bxc3 Qxc3+ 20. Kf2 Qc5+ 21. Qe3 Qxe3+ 22. Kxe3 Bd7 23. Rh4 Rac8 24. Kd4 f6 25. Rdh1 e5+ 26. Kd3 Rc6 27. Rxh7 Rxd6+ 28. Ke3 Be8 29. Bxe5 Re6 30. gxf6 gxf6 31. Rh8+ Kg7 32. R1h7+ 1/2-1/2

[Event "Wch Seniors 15th"]
[Site "Lignano Sabbiadoro"]
[Date "2005.10.02"]
[Round "5"]
[White "Fotland, Hans Christian"]
[Black "Mayers, Dan E"]
[Result "1/2-1/2"]
[WhiteElo "2131"]
[BlackElo "2011"]
[PlyCount "51"]
[EventDate "2005.09.28"]
[EventType "swiss"]
[EventRounds "11"]
[EventCountry "ITA"]
[SourceTitle "CBM 108 Extra"]
[Source "ChessBase"]
[SourceDate "2005.11.04"]
[SourceVersion "1"]
[SourceVersionDate "2005.11.04"]
[SourceQuality "1"]

1. d4 e6 2. c4 b6 3. Nf3 Bb7 4. Nc3 Bb4 5. Qc2 f5 6. Bg5 Nf6 7. e3 h6 8. Bxf6 Qxf6 9. Nd2 c5 10. Nb5 Be4 11. Nd6+ Ke7 12. N6xe4 fxe4 13. Qxe4 cxd4 14. Qxd4 Qxd4 15. exd4 Rf8 16. Rd1 Rf4 17. a3 Re4+ 18. Be2 Bxd2+ 19. Rxd2 Nc6 20. d5 exd5 21. cxd5 Nd4 22. f3 Rxe2+ 23. Rxe2+ Nxe2 24. Kxe2 Kd6 25. Kd3 Rc8 26. Re1 1/2-1/2

[Event "Wch Seniors 14th"]
[Site "Halle"]
[Date "2004.11.02"]
[Round "8"]
[White "Mayers, Dan E"]
[Black "Werchan, Hans"]
[Result "0-1"]
[WhiteElo "2026"]
[BlackElo "2142"]
[PlyCount "48"]
[EventDate "2004.10.24"]
[EventType "swiss"]
[EventRounds "11"]
[EventCountry "GER"]
[SourceTitle "EXT 2005"]
[Source "ChessBase"]
[SourceDate "2004.11.15"]
[SourceVersion "1"]
[SourceVersionDate "2004.11.15"]
[SourceQuality "1"]

1. e4 c5 2. d4 cxd4 3. c3 d5 4. exd5 Qxd5 5. cxd4 Nc6 6. Nf3 Bg4 7. Nc3 Bxf3 8. gxf3 Qxd4 9. Qxd4 Nxd4 10. Nb5 Ne6 11. Bh3 a6 12. Bxe6 axb5 13. Bd5 e6 14. Bxb7 Bb4+ 15. Ke2 Rb8 16. Bc6+ Ke7 17. Be3 Nf6 18. Ba7 Rbc8 19. Rac1 Rhd8 20. a3 Rd6 21. Bxb5 Rd2+ 22. Ke3 Nd5+ 23. Ke4 f5+ 24. Ke5 Bd6# 0-1

[Event "US Senior op"]
[Site "Wilmington"]
[Date "2003.07.19"]
[Round "1"]
[White "Kaufman, Larry C"]
[Black "Mayers, Dan E"]
[Result "1-0"]
[WhiteElo "2389"]
[BlackElo "2066"]
[PlyCount "77"]
[EventDate "2003.07.19"]
[EventType "swiss"]
[EventRounds "6"]
[EventCountry "USA"]
[SourceTitle "CBM 095 Extra"]
[Source "ChessBase"]
[SourceDate "2003.09.04"]
[SourceVersion "1"]
[SourceVersionDate "2003.09.04"]
[SourceQuality "1"]

1. d4 e6 2. c4 b6 3. a3 Nf6 4. Nc3 Bb7 5. Nf3 d5 6. cxd5 Nxd5 7. Qc2 c5 8. e4 Nxc3 9. bxc3 Nc6 10. Be3 Rc8 11. Qa4 a6 12. Bxa6 Bxa6 13. Qxa6 Be7 14. 0-0 0-0 15. Rfb1 cxd4 16. cxd4 Rb8 17. Qb5 Na7 18. Qb3 Qc7 19. d5 exd5 20. exd5 Nc8 21. Rc1 Qd6 22. Rc6 Qd8 23. a4 Bf6 24. Rd1 Qd7 25. a5 b5 26. a6 Na7 27. Rb6 Rfd8 28. h3 Rxb6 29. Bxb6 Nc8 30. Bxd8 Bxd8 31. Ne5 Qf5 32. Nc6 Bb6 33. Qf3 Qc2 34. Re1 Kf8 35. Qe2 Qxe2 36. Rxe2 Bc5 37. Rc2 Bb6 38. Ne5 Ke7 39. Rxc8 1-0

[Event "Wch Seniors 13th"]
[Site "Bad Zwischenahn"]
[Date "2003.??.??"]
[Round "?"]
[White "Mayers, Dan E"]
[Black "Assmann, Siegfried"]
[Result "1-0"]
[WhiteElo "1995"]
[BlackElo "1790"]
[PlyCount "78"]
[EventDate "2003.11.16"]
[EventType "swiss"]
[EventRounds "11"]
[EventCountry "GER"]
[SourceTitle "CBM 097 Extra"]
[Source "ChessBase"]
[SourceDate "2004.01.13"]
[SourceVersion "1"]
[SourceVersionDate "2004.01.13"]
[SourceQuality "1"]

1. e4 e5 2. f4 d5 3. exd5 Qxd5 4. Nc3 Qc5 5. fxe5 Qxe5+ 6. Be2 Bg4 7. d4 Bxe2 8. Ngxe2 Qh5 9. Bf4 Na6 10. 0-0 0-0-0 11. a3 Nf6 12. Qd3 c6 13. b4 Nc7 14. Be5 Ng4 15. Bxc7 Kxc7 16. Qg3+ Bd6 17. Nf4 Qxh2+ 18. Qxh2 Nxh2 19. Kxh2 g5 20. Ne4 Bxf4+ 21. g3 f5 22. Nc5 Be3 23. Ne6+ Kb6 24. Nxd8 Rxd8 25. c3 f4 26. Rad1 h5 27. Kg2 fxg3 28. Kxg3 Bf4+ 29. Kg2 Kb5 30. Rfe1 Rd7 31. Rd3 Kc4 32. Rf3 b5 33. Re6 Rc7 34. Kf1 Kb3 35. Ke2 Kxa3 36. Kd3 a5 37. Re1 c5 38. bxc5 b4 39. Rh1 Kb3 1-0

[Event "Wch Seniors 12th"]
[Site "Naumburg"]
[Date "2002.11.01"]
[Round "10"]
[White "Mayers, Dan E"]
[Black "Dahlhaus, Friedhelm"]
[Result "1/2-1/2"]
[WhiteElo "2079"]
[BlackElo "2233"]
[PlyCount "110"]
[EventDate "2002.10.21"]
[EventType "swiss"]
[EventRounds "11"]
[EventCountry "GER"]
[SourceTitle "EXT 2006"]
[Source "ChessBase"]
[SourceDate "2005.11.24"]
[SourceVersion "1"]
[SourceVersionDate "2005.11.24"]
[SourceQuality "1"]

1. e4 e5 2. f4 exf4 3. Bc4 Nf6 4. Nc3 c6 5. d4 d5 6. exd5 cxd5 7. Bb5+ Nc6 8. Nf3 Bd6 9. Ne5 0-0 10. Bxf4 Bxe5 11. Bxe5 Nxe5 12. dxe5 Ng4 13. Qd4 Be6 14. 0-0 Qb6 15. Qxb6 axb6 16. Rfe1 d4 17. Ne4 Rfc8 18. Re2 Nxe5 19. Ng5 Rc5 20. Nxe6 fxe6 21. Bd3 Nxd3 22. cxd3 Kf7 23. a3 e5 24. Rf1+ Ke6 25. Rf4 Rd8 26. Rh4 h6 27. Rg4 g5 28. h4 Kf5 29. Rge4 Rdd5 30. Rf2+ Ke6 31. hxg5 hxg5 32. Rg4 Rc1+ 33. Kh2 Rd1 34. Rg3 Rd7 35. Kh3 Rf7 36. Re2 Rf4 37. Rxg5 Rxd3+ 38. g3 Rf5 39. Rg6+ Kd5 40. Rxb6 Rg5 41. Rb5+ Kd6 42. Rg2 Rg7 43. a4 e4 44. Rb6+ Kc7 45. Re6 e3 46. Rc2+ Kb8 47. a5 Rd7 48. Re8+ Ka7 49. Rcc8 Ka6 50. Rc5 b6 51. Rce5 Rc7 52. R5e6 Rb7 53. axb6 Rxb6 54. Re4 Rh6+ 55. Kg4 Rg6+ 1/2-1/2

[Event "Wch Seniors 12th"]
[Site "Naumburg"]
[Date "2002.10.30"]
[Round "8"]
[White "Breustedt, Werner"]
[Black "Mayers, Dan E"]
[Result "1-0"]
[WhiteElo "2264"]
[BlackElo "2079"]
[PlyCount "99"]
[EventDate "2002.10.21"]
[EventType "swiss"]
[EventRounds "11"]
[EventCountry "GER"]
[SourceTitle "EXT 2006"]
[Source "ChessBase"]
[SourceDate "2005.11.24"]
[SourceVersion "1"]
[SourceVersionDate "2005.11.24"]
[SourceQuality "1"]

1. d4 e6 2. e4 d5 3. e5 Ne7 4. Bd3 Nd7 5. Nf3 Nc6 6. c3 f5 7. h4 Be7 8. Ng5 Nb6 9. Bf4 Bd7 10. Nd2 Na5 11. Qe2 Na4 12. Bb5 Bxg5 13. Bxg5 Qc8 14. Rb1 a6 15. Bd3 c5 16. 0-0 cxd4 17. cxd4 Nc6 18. Rfc1 b5 19. b3 Nb6 20. Qh5+ Kf8 21. Be3 Qe8 22. Qf3 Nb4 23. Bf1 Nxa2 24. Rc5 Rc8 25. Ra1 Nb4 26. Rac1 Na2 27. Rxc8 Bxc8 28. Rc7 Na8 29. Ra7 Qc6 30. g4 Nc7 31. gxf5 exf5 32. e6 Bxe6 33. Qg3 Ne8 34. Qb8 Nb4 35. Bg5 Qc8 36. Be7+ Kg8 37. Qxc8 Bxc8 38. Bxb4 Nf6 39. Bd6 Nd7 40. Nf3 Kf7 41. Ne5+ Ke6 42. Nxd7 Kxd6 43. Ne5 Rg8 44. h5 Ke6 45. Bd3 Kf6 46. f4 g6 47. h6 g5 48. Rf7+ Ke6 49. Bxf5+ Kd6 50. Bxh7 1-0

[Event "Merano Gold Cup 29th"]
[Site "Merano"]
[Date "2001.??.??"]
[Round "5"]
[White "Bonani, Georg"]
[Black "Mayers, Dan E"]
[Result "0-1"]
[WhiteElo "1707"]
[BlackElo "2115"]
[PlyCount "28"]
[EventDate "2001.05.??"]
[EventType "swiss"]
[EventRounds "9"]
[EventCountry "ITA"]
[SourceTitle "EXT 2005"]
[Source "ChessBase"]
[SourceDate "2004.11.15"]
[SourceVersion "1"]
[SourceVersionDate "2004.11.15"]
[SourceQuality "1"]

1. e4 e6 2. d4 d5 3. Nd2 Nc6 4. Ngf3 Nf6 5. e5 Nd7 6. c3 f6 7. exf6 Qxf6 8. Bd3 Bd6 9. 0-0 0-0 10. Re1 e5 11. dxe5 Ndxe5 12. Be2 Bg4 13. Rf1 Rae8 14. Nxe5 Qxe5 0-1

[Event "Merano Gold Cup 29th"]
[Site "Merano"]
[Date "2001.??.??"]
[Round "9"]
[White "Heinl, Achim"]
[Black "Mayers, Dan E"]
[Result "1-0"]
[WhiteElo "2241"]
[BlackElo "2115"]
[PlyCount "61"]
[EventDate "2001.05.??"]
[EventType "swiss"]
[EventRounds "9"]
[EventCountry "ITA"]
[SourceTitle "EXT 2005"]
[Source "ChessBase"]
[SourceDate "2004.11.15"]
[SourceVersion "1"]
[SourceVersionDate "2004.11.15"]
[SourceQuality "1"]

1. d4 e6 2. c4 Nf6 3. Nf3 c5 4. e3 cxd4 5. exd4 d5 6. Nc3 Be7 7. Bf4 a6 8. c5 0-0 9. Bd3 b6 10. b4 a5 11. a3 axb4 12. axb4 Rxa1 13. Qxa1 Nc6 14. Qa4 Qe8 15. 0-0 bxc5 16. bxc5 Bd7 17. Bb5 Nh5 18. Bc7 g6 19. Re1 Ng7 20. Qa6 Qa8 21. Qxa8 Rxa8 22. Nxd5 exd5 23. Bxc6 Bxc6 24. Rxe7 Ne6 25. h3 Ra4 26. Be5 Kf8 27. Bd6 Kg8 28. Ne5 Nxd4 29. Rc7 Ra6 30. Nxf7 Nb5 31. Nh6+ 1-0

[Event "Merano Gold Cup 29th"]
[Site "Merano"]
[Date "2001.??.??"]
[Round "4"]
[White "Mayers, Dan E"]
[Black "Koller, Hubert"]
[Result "0-1"]
[WhiteElo "2115"]
[BlackElo "2114"]
[PlyCount "74"]
[EventDate "2001.05.??"]
[EventType "swiss"]
[EventRounds "9"]
[EventCountry "ITA"]
[SourceTitle "EXT 2005"]
[Source "ChessBase"]
[SourceDate "2004.11.15"]
[SourceVersion "1"]
[SourceVersionDate "2004.11.15"]
[SourceQuality "1"]

1. e4 c6 2. d4 d5 3. f3 dxe4 4. fxe4 e5 5. Nf3 exd4 6. Bc4 Be7 7. 0-0 Nf6 8. Nbd2 0-0 9. e5 Nd5 10. Ne4 Bf5 11. Ng3 Bg6 12. Nxd4 Nb6 13. Bb3 c5 14. Ndf5 c4 15. Qg4 cxb3 16. Nh5 Nc6 17. Bf4 bxc2 18. Nhxg7 Bc5+ 19. Kh1 Nd4 20. Bg5 Qd7 21. Nh6+ Kh8 22. Bf6 Be7 23. e6 Nxe6 24. Nxe6+ Bxf6 25. Nxf8 Qxg4 26. Nxg4 Bxb2 27. Nxg6+ hxg6 28. Ne3 Bxa1 29. Rxa1 Rc8 30. Rc1 Rc3 31. Nxc2 Nc4 32. Kg1 Kg7 33. Kf2 Na3 34. Rd1 Rxc2+ 35. Kf3 Rxa2 36. Rd3 Nc4 37. Rc3 Ra3 0-1

[Event "Merano Gold Cup 29th"]
[Site "Merano"]
[Date "2001.??.??"]
[Round "2"]
[White "Mayers, Dan E"]
[Black "Simon, Eberhard"]
[Result "1-0"]
[WhiteElo "2115"]
[BlackElo "1819"]
[PlyCount "37"]
[EventDate "2001.05.??"]
[EventType "swiss"]
[EventRounds "9"]
[EventCountry "ITA"]
[SourceTitle "EXT 2005"]
[Source "ChessBase"]
[SourceDate "2004.11.15"]
[SourceVersion "1"]
[SourceVersionDate "2004.11.15"]
[SourceQuality "1"]

1. e4 c6 2. d4 d5 3. f3 e6 4. Nc3 Bb4 5. Bf4 dxe4 6. fxe4 Nf6 7. Qd3 Qa5 8. Nge2 Nbd7 9. 0-0-0 Nb6 10. a3 Be7 11. Bd2 Bxa3 12. Nd5 Bxb2+ 13. Kxb2 Qa4 14. Nec3 exd5 15. Nxa4 Nxa4+ 16. Kb3 dxe4 17. Qg3 Nb6 18. Qxg7 Be6+ 19. c4 1-0

[Event "Wch Seniors 10th"]
[Site "Rowy"]
[Date "2000.09.17"]
[Round "6"]
[White "Dembowski, Andrzej"]
[Black "Mayers, Dan E"]
[Result "0-1"]
[WhiteElo "2030"]
[BlackElo "2107"]
[PlyCount "56"]
[EventDate "2000.09.11"]
[EventType "swiss"]
[EventRounds "11"]
[EventCountry "POL"]
[SourceTitle "CBM 078 Extra"]
[Source "ChessBase"]
[SourceDate "2000.11.10"]
[SourceVersion "1"]
[SourceVersionDate "2000.11.10"]
[SourceQuality "1"]

1. g3 e5 2. Bg2 c5 3. e4 g6 4. d3 Bg7 5. Ne2 Ne7 6. 0-0 d5 7. Nd2 Be6 8. c3 0-0 9. Nf3 h6 10. Qc2 Nbc6 11. Be3 d4 12. Bd2 Qd7 13. c4 f5 14. Qc1 fxe4 15. dxe4 Bg4 16. Nexd4 cxd4 17. Nh4 g5 18. Nf5 Nxf5 19. exf5 Bxf5 20. h4 Bd3 21. Re1 Qf5 22. Bd5+ Kh8 23. f3 Ne7 24. f4 Qg4 25. Kg2 gxh4 26. Rxe5 Bxe5 27. fxe5 Qxg3+ 28. Kh1 Qh3+ 0-1